| 000 | 00526nam a2200169 4500 | ||
|---|---|---|---|
| 001 | 113300 | ||
| 003 | ES-MaACL | ||
| 005 | 20230906185834.0 | ||
| 007 | t| | ||
| 008 | 061121s1934 fr r ||||1| fre d | ||
| 100 | 1 |
_aNyrop, Kristoffer. _986268 |
|
| 245 | 1 | 0 |
_aLinguistique et histoire des moeurs _b: mélanges posthumes / _cChristophe Nyrop ; traduction par E. Philipot. |
| 260 |
_aParis : _bLibrairie E. Droz, _c1934. |
||
| 300 |
_a295 p. ; _c19 cm. |
||
| 700 | 1 |
_aPhilipot, Emmanuel. _991670 |
|
| 852 |
_aES-MaACL _jA-3901 |
||
| 999 |
_c113300 _d113300 |
||